Formát týždenník

Gespeichert in:
Bibliographische Detailangaben
Format: Schriftenreihe
Sprache:Slowakisch
Veröffentlicht: Bratislava Ecopress
Schlagworte:
Tags: Tag hinzufügen
Keine Tags, Fügen Sie das erste Tag hinzu!

MARC

LEADER 00000nas1a2200000 4500
001 s124397
005 20230908085141.9
022 |a 1336-1325 
041 0 |a slo 
044 |a SK 
245 1 0 |a Formát  |b týždenník 
264 1 |a Bratislava  |b Ecopress 
610 2 0 |a politika 
610 2 0 |a spoločnosť 
610 2 0 |a situácia hospodárska